| 000 | 00661nam a2200181Ia 4500 | ||
|---|---|---|---|
| 008 | 151202s9999||||xx |||||||||||||| ||und|| | ||
| 082 | _bPNVM-55775 | ||
| 100 | _aचेस जेम्स हॅडली अनु.गुजर अनिल. | ||
| 245 | _aमॅलरी. | ||
| 260 | _b"मनोरंजन प्रकाशन,मुंबई." | ||
| 260 | _c0 | ||
| 300 | _a262 | ||
| 600 | _aचेस जेम्स हॅडली अनु.गुजर अनिल. | ||
| 630 | _aमॅलरी. | ||
| 700 | _aचेस जेम्स हॅडली अनु.गुजर अनिल. | ||
| 730 | _aमॅलरी. | ||
| 942 | _cBOOK | ||
| 999 |
_c1322313 _d1322310 |
||